Aprender en la escuela a través de proyectos ¿Por qué? ¿Cómo? /

Saved in:
Main Author: Perrenoud, Philippe
Format: Book Chapter
Language:Spanish
Online Access:Para solicitar el texto accesible haga click aquí (sólo para personas con discapacidad)
LEADER 01194naa a22002057a 4500
003 AR-BeUNQ
005 20240603105342.0
008 220704s2000 cl 000 0 spa d
999 |c 35307  |d 119107 
040 |a  AR-BeUNQ  |b spa  |c AR-BeUNQ  |e aacr 
100 1 |a Perrenoud, Philippe 
245 0 |a Aprender en la escuela a través de proyectos   |h [recurso electrónico] :  |b ¿Por qué? ¿Cómo? /  |c Philippe Perrenoud. 
256 |a Datos electrónicos (1 archivo doc) 
300 |a recurso electrónico 
500 |a Material digital editado con un formato accesible para uso exclusivo de personas con discapacidad 
538 |a Requerimientos del material: Procesador de textos y un lector de pantalla. 
594 |a Vespasiano, Mariana  |b PROFESORADO DE EDUCACIÓN  |c ESTRATEGIAS DE ENSEÑANZA Y DISEÑO DE UNIDADES DE APRENDIZAJE  |d 2021 
773 |t Revista de Tecnología Educativa  |d Santiago de Chile : Ministerio de Educación. Centro de perfeccionamiento experimentación e investigaciones pedagógicas, 2000  |g Vol. XIV, no. 3 (2000), p. 311-321 
856 |z Para solicitar el texto accesible haga click aquí (sólo para personas con discapacidad)  |u https://biblio.unq.edu.ar/consulte/index.php?a=add 
942 |c TA